| Tag |
First Indicator |
Second Indicator |
Subfields |
| LEADER |
00000cam a2200000I 4500 |
| 001 |
in00002402521 |
| 005 |
20151109085629.0 |
| 008 |
760414s1931 txua 000 0 eng |
| 010 |
|
|
|a 31033704
|
| 029 |
1 |
|
|a AU@
|b 000028186772
|
| 035 |
|
|
|a (OCoLC)ocm02111281
|
| 035 |
|
|
|a (OCoLC)2111281
|
| 040 |
|
|
|a DLC
|c IAU
|d OCL
|d OCLCQ
|d OCLCG
|d TXA
|d UtOrBLW
|
| 043 |
|
|
|a n-us-tx
|
| 049 |
|
|
|a TXAM
|
| 050 |
0 |
0 |
|a PE1127.H6
|b T77
|
| 082 |
0 |
4 |
|a 338.097
|
| 090 |
|
|
|a PE1127.H6
|b T77 1931
|
| 100 |
1 |
|
|a Stigler, W. A.
|q (William Alonzo),
|d 1890-
|
| 245 |
1 |
0 |
|a Workers and wealth of Texas /
|c by W.A. Stigler, and William T. Tardy.
|
| 264 |
|
1 |
|a Dallas :
|b B. Upshaw and Co.,
|c [1931]
|
| 264 |
|
4 |
|c ©1931
|
| 300 |
|
|
|a 232 pages :
|b illustrations ;
|c 20 cm.
|
| 336 |
|
|
|a text
|b txt
|2 rdacontent
|
| 337 |
|
|
|a unmediated
|b n
|2 rdamedia
|
| 338 |
|
|
|a volume
|b nc
|2 rdacarrier
|
| 650 |
|
0 |
|a Industries
|z Texas.
|
| 650 |
|
0 |
|a Readers
|y 1870-
|
| 700 |
1 |
|
|a Tardy, William T.
|q (William Thomas),
|d 1896-
|e author.
|
| 948 |
|
|
|a cataloged
|b h
|c 2008/7/29
|d c
|e bhartsfi
|f 10:59:07 am
|
| 994 |
|
|
|a C0
|b TXA
|
| 999 |
|
|
|a MARS
|
| 999 |
f |
f |
|s 5f5921fc-80cf-3eb8-8eb5-e5db5dc6aa19
|i 844f4c8c-341a-3386-b13e-b2685f12db58
|t 0
|
| 952 |
f |
f |
|p noncirc
|a Texas A&M University
|b College Station
|c Cushing Memorial Library & Archives
|d Cushing: Kelsey Americana (Does not check out)
|t 0
|e PE1127.H6 T77 1931
|h Library of Congress classification
|i unmediated -- volume
|
| 998 |
f |
f |
|a PE1127.H6 T77 1931
|t 0
|l Cushing: Kelsey Americana (Does not check out)
|